Swami Vivekananda's legacy of service : (Record no. 1848264)

MARC details
000 -LEADER
fixed length control field 00623cam a22002054a 4500
003 - CONTROL NUMBER IDENTIFIER
control field OSt
005 - DATE AND TIME OF LATEST TRANSACTION
control field 20260413171457.0
008 - FIXED-LENGTH DATA ELEMENTS--GENERAL INFORMATION
fixed length control field 060327s2006 ii a b 001 0 eng
020 ## - INTERNATIONAL STANDARD BOOK NUMBER
International Standard Book Number 9780195673883
040 ## - CATALOGING SOURCE
Transcribing agency HDL
Language of cataloging eng
041 ## - LANGUAGE CODE
Language code of original English
082 ## - DEWEY DECIMAL CLASSIFICATION NUMBER
Classification number 294.56309 P6
100 1# - MAIN ENTRY--PERSONAL NAME
Personal name Beckerlegge, Gwilym.
9 (RLIN) 1234780
245 10 - TITLE STATEMENT
Title Swami Vivekananda's legacy of service :
Remainder of title a study of the Ramakrishna Math and Mission /
Statement of responsibility, etc. Gwilym Beckerlegge.
260 ## - PUBLICATION, DISTRIBUTION, ETC.
Place of publication, distribution, etc. New Delhi :
Name of publisher, distributor, etc. Oxford University Press,
Date of publication, distribution, etc. 2006.
300 ## - PHYSICAL DESCRIPTION
Extent xiv, 292 p.
610 20 - SUBJECT ADDED ENTRY--CORPORATE NAME
Corporate name or jurisdiction name as entry element Ramakrishna Math.
9 (RLIN) 1234781
942 ## - ADDED ENTRY ELEMENTS (KOHA)
Koha item type Textual
Source of classification or shelving scheme Colon Classification (CC)
Suppress in OPAC No
Holdings
Withdrawn status Lost status Source of classification or shelving scheme Damaged status Not for loan Home library Current library Date acquired Total Checkouts Date last seen Price effective from Koha item type
    Colon Classification (CC)     Department of History Library Department of History Library 2026-04-13   2026-04-13 2026-04-13 Textual
Copyright @ Delhi University Library System